Ďalšiu bytovku odovzdajú v lete

Bibliographic Details
Main Author: Saturyová, Adriana (Author)
Format: Article
Language:Slovak
PhysicalDescription:Fotogr.
Subjects:

MARC

LEADER 00000nab a2200000 ar4500
001 vtls009629922
003 SK-MaSNL
005 20260303060406.0
008 090721c2009 xo mr|p|||||||000 b|slo
038 |a PPPK 
040 |a PPPKCL  |b slo  |c PPPKCL  |e AACR2 
041 0 |a slo 
044 |a xo  |c SK 
080 |a 728.1/.3  |x (437.6)  |2 2001 
080 |a 351.778.5  |2 2001 
080 |a 643  |2 2001 
100 1 |a Saturyová, Adriana  |4 aut  |9 641095 
245 1 0 |a Ďalšiu bytovku odovzdajú v lete  |c T/F Adriana Saturyová 
300 |b Fotogr. 
610 1 7 |a Kežmarok (Slovensko).  |b Mestské zastupiteľstvo  |2 pppkcl  |9 184974 
650 0 7 |a bytová výstavba  |2 pppkcl  |9 3036 
650 0 7 |a mestské byty  |2 pppkcl  |9 1033320 
650 0 7 |a nájomné byty  |2 pppkcl  |9 469715 
650 0 7 |a bytové hospodárstvo  |2 pppkcl  |9 3904 
651 7 |a Kežmarok (Slovensko)  |2 pppkcl  |9 26808 
773 0 |t Kežmarok  |g Roč. XVII, č. 12 (2009), s. 1 
852 |a PPPK  |b KIS3GCP 
999 |c 1731213  |d 1733143